000 00295nam a22001337a 4500
008 170825b xxu||||| |||| 00| 0 eng d
020 _a08900523(2008)23(1)
041 _aeng
080 _a070
100 _a40
101 _aMED
245 _aMASS MEDIA ETHICS
_cWILLIAM.B
942 _2udc
_cBK
999 _c24989
_d24989